Intergenerational support: The provision of assistance to parents by adult children

Guardado en:  
Detalles Bibliográficos
Autores principales: Chatters, Linda M. (Autor) ; Taylor, Robert Joseph (Autor)
Tipo de documento: Print Artículo
Lenguaje:Inglés
Publicado: Sage 1993
En:Enthalten in: Aging in Black America (1993), Seite 69-83
Verificar disponibilidad: HBZ Gateway

MARC

LEADER 00000caa a22000002c 4500
001 1912594811
003 DE-627
005 20250127054953.0
007 tu
008 241217s1993 xx ||||| 00| ||eng c
035 |a (DE-627)1912594811 
035 |a (DE-599)KXP1912594811 
040 |a DE-627  |b ger  |c DE-627  |e rda 
041 |a eng 
084 |a 2,1  |2 ssgn 
100 1 |a Chatters, Linda M.  |e VerfasserIn  |0 (DE-588)1046078488  |0 (DE-627)775690090  |0 (DE-576)399362274  |4 aut 
109 |a Chatters, Linda M.  |a Chatters, Linda Marie  |a Chatters, L. M. 
245 1 0 |a Intergenerational support: The provision of assistance to parents by adult children 
264 1 |b Sage  |c 1993 
336 |a Text  |b txt  |2 rdacontent 
337 |a ohne Hilfsmittel zu benutzen  |b n  |2 rdamedia 
338 |a Band  |b nc  |2 rdacarrier 
700 1 |a Taylor, Robert Joseph  |e VerfasserIn  |4 aut 
773 0 8 |i Enthalten in  |t Aging in Black America  |g (1993), Seite 69-83 
773 1 8 |g year:1993  |g pages:69-83 
787 0 8 |i Forschungsdaten  |a Jackson, James S. (James Sidney)  |t National Survey of Black Americans, 1979-1980  |d [Erscheinungsort nicht ermittelbar] : [Verlag nicht ermittelbar], 1987  |w (DE-627)1840065605 
787 0 8 |i Forschungsdaten  |a Jackson, James S. (James Sidney);Tucker, M. Belinda  |t Three-Generation National Survey of Black American Families, 1979-1981 
935 |a mkri 
951 |a AR 
ELC |b 1 
LOK |0 000 xxxxxcx a22 zn 4500 
LOK |0 001 4637560322 
LOK |0 003 DE-627 
LOK |0 004 1912594811 
LOK |0 005 20241217044618 
LOK |0 008 241217||||||||||||||||ger||||||| 
LOK |0 035   |a (DE-2619)ICPSR6189 
LOK |0 040   |a DE-2619  |c DE-627  |d DE-2619 
LOK |0 092   |o n 
LOK |0 852   |a DE-2619 
LOK |0 852 1  |9 00 
LOK |0 935   |a uvkn  |a nacp 
LOK |0 939   |a 17-12-24  |b l01 
ORI |a SA-MARC-krimdoka001.raw